[Event "ESP-chT CECLUB Div2"]
[Site "Linares"]
[Date "2023.08.15"]
[Round "4.8"]
[White "Alvarez Fernandez, Enrique"]
[Black "Domingo Nunez, Ruben"]
[Result "0-1"]
[WhiteElo "2260"]
[BlackElo "2420"]
[PlyCount "116"]
[EventDate "2023.08.13"]
[EventType "team-swiss"]
[EventRounds "7"]
[EventCountry "ESP"]
[SourceTitle "EXT 2024"]
[Source "ChessBase"]
[SourceDate "2023.10.10"]
[SourceVersion "1"]
[SourceVersionDate "2023.10.10"]
[SourceQuality "1"]
[WhiteTeam "Gijon 64"]
[BlackTeam "Granada Aimpulsa"]
[WhiteTeamCountry "ESP"]
[BlackTeamCountry "ESP"]

1. d4 Nf6 2. Nf3 b6 3. Bf4 Bb7 4. e3 g6 5. h3 Bg7 6. Be2 0-0 7. 0-0 d6 8. Bh2 Nbd7 9. a4 a5 10. Na3 Ne4 11. Nc4 f5 12. Nfd2 Nxd2 13. Nxd2 e5 14. c3 Qe7 15. Bf3 e4 16. Be2 g5 17. f4 exf3 18. Bxf3 Qxe3+ 19. Kh1 Bxf3 20. Nxf3 g4 21. Qd2 Qxd2 22. Nxd2 Rae8 23. Rae1 Rxe1 24. Rxe1 Kf7 25. Bf4 Nf6 26. Bg5 Nd5 27. Nc4 h5 28. g3 Bf6 29. Bd2 h4 30. hxg4 fxg4 31. Re4 Rg8 32. gxh4 Bxh4 33. Kg2 Be7 34. Ne3 Nf6 35. Rf4 Ke6 36. Nf5 Bd8 37. Ng3 c6 38. Rf1 b5 39. axb5 cxb5 40. Rf5 Nd5 41. Rh5 a4 42. Ne4 Be7 43. Kg3 Rf8 44. Rh1 Nb6 45. Rh6+ Kd5 46. Nf2 Nc4 47. Rh5+ Kc6 48. Bc1 Rf3+ 49. Kg2 Ne3+ 50. Bxe3 Rxe3 51. Rh7 g3 52. Ng4 Re2+ 53. Kxg3 Bg5 54. Nf2 Bc1 55. Rh5 Bxb2 56. Kf3 Rxf2+ 57. Kxf2 a3 58. c4 Bxd4+ 0-1

[Event "Gijon RGCC op 7th"]
[Site "Gijon"]
[Date "2023.08.06"]
[Round "2"]
[White "Alvarez Fernandez, Enrique"]
[Black "Morato Tent, Francisco"]
[Result "1-0"]
[WhiteElo "2260"]
[BlackElo "1966"]
[PlyCount "77"]
[EventDate "2023.08.05"]
[EventType "swiss"]
[EventRounds "9"]
[EventCountry "ESP"]
[SourceTitle "EXT 2024"]
[Source "ChessBase"]
[SourceDate "2023.10.10"]
[SourceVersion "1"]
[SourceVersionDate "2023.10.10"]
[SourceQuality "1"]

1. d4 Nf6 2. Nf3 g6 3. Bf4 Bg7 4. e3 0-0 5. h3 d6 6. Bh2 Nc6 7. c4 Nd7 8. Nc3 e5 9. Be2 h6 10. 0-0 f5 11. Nd5 g5 12. dxe5 Ndxe5 13. Qc2 g4 14. hxg4 fxg4 15. Nxe5 Nxe5 16. Bxe5 dxe5 17. Qg6 c6 18. Nc3 Qh4 19. Bd3 Rf6 20. Qh7+ Kf8 21. Ne2 Be6 22. Ng3 h5 23. Nxh5 Qg5 24. Nxf6 Qxf6 25. Qg6 Qe7 26. Rad1 Re8 27. Bf5 Bxc4 28. Rd7 Qf6 29. Qxf6+ Bxf6 30. Rc1 Ba6 31. Bxg4 e4 32. b3 Re5 33. Rc2 Rg5 34. Be2 Ke8 35. Rh7 Bd3 36. Bxd3 exd3 37. Rd2 Rd5 38. e4 Rd4 39. Rh3 1-0

[Event "Oviedo op 9th"]
[Site "Oviedo"]
[Date "2023.07.29"]
[Round "8"]
[White "Szpar, Milosz"]
[Black "Alvarez Fernandez, Enrique"]
[Result "1-0"]
[WhiteElo "2428"]
[BlackElo "2244"]
[PlyCount "65"]
[EventDate "2023.07.24"]
[EventType "swiss"]
[EventRounds "9"]
[EventCountry "ESP"]
[SourceTitle "CBM 215 Extra"]
[Source "ChessBase"]
[SourceDate "2023.09.30"]
[SourceVersion "1"]
[SourceVersionDate "2023.09.30"]
[SourceQuality "1"]

1. e4 e6 2. d4 d5 3. Nc3 Nc6 4. Nf3 Nf6 5. e5 Ne4 6. a3 h6 7. Qd3 Nxc3 8. Qxc3 Bd7 9. h4 a6 10. Bd2 Na7 11. a4 c5 12. dxc5 Rc8 13. Qd4 Bxc5 14. Qg4 g6 15. Bd3 Qe7 16. Rb1 Qf8 17. b4 Be7 18. b5 axb5 19. axb5 Bc5 20. Rh3 Rb8 21. Nd4 Nc8 22. h5 g5 23. Nb3 Be7 24. Be3 Qg7 25. f4 Rg8 26. Rg3 b6 27. Kd2 Bd8 28. Rf1 Ra8 29. fxg5 Bxg5 30. Bxg5 Qxg5+ 31. Qxg5 Rxg5 32. Rxg5 hxg5 33. h6 1-0

[Event "Oviedo op 9th"]
[Site "Oviedo"]
[Date "2023.07.27"]
[Round "5"]
[White "Alvarez Fernandez, Enrique"]
[Black "Becerra, Juan David"]
[Result "0-1"]
[WhiteElo "2244"]
[BlackElo "2388"]
[PlyCount "72"]
[EventDate "2023.07.24"]
[EventType "swiss"]
[EventRounds "9"]
[EventCountry "ESP"]
[SourceTitle "CBM 215 Extra"]
[Source "ChessBase"]
[SourceDate "2023.09.30"]
[SourceVersion "1"]
[SourceVersionDate "2023.09.30"]
[SourceQuality "1"]

1. d4 Nf6 2. Nf3 g6 3. Bf4 Bg7 4. e3 d6 5. h3 0-0 6. c3 Nfd7 7. Bh2 e5 8. Be2 Nc6 9. 0-0 h6 10. a4 f5 11. Na3 g5 12. Bb5 e4 13. Nd2 Nf6 14. Be2 Be6 15. b4 Ne7 16. c4 Ng6 17. Qc2 c6 18. Rab1 Qd7 19. Rfd1 f4 20. Nxe4 Nxe4 21. Qxe4 Bf5 22. Bg4 Bxg4 23. hxg4 Nh4 24. exf4 Qxg4 25. Bg3 Rae8 26. Qd3 Nxg2 27. Kxg2 gxf4 28. Qf3 Qxf3+ 29. Kxf3 fxg3+ 30. Kxg3 Re2 31. Rb3 Rexf2 32. Nb1 R2f5 33. Kg2 Rg5+ 34. Rg3 Rf4 35. d5 Rxg3+ 36. Kxg3 Be5 0-1

[Event "ESP-ch 87th"]
[Site "Linares"]
[Date "2022.08.17"]
[Round "8"]
[White "Alvarez Fernandez, Enrique"]
[Black "Alonso Garcia, Aaron"]
[Result "0-1"]
[WhiteElo "2344"]
[BlackElo "2369"]
[PlyCount "108"]
[EventDate "2022.08.11"]
[EventType "swiss"]
[EventRounds "9"]
[EventCountry "ESP"]
[SourceTitle "CBM 209 Extra"]
[Source "ChessBase"]
[SourceDate "2022.09.30"]
[SourceVersion "1"]
[SourceVersionDate "2022.09.30"]
[SourceQuality "1"]

1. d4 Nf6 2. c4 e6 3. Nc3 Bb4 4. Nf3 b6 5. Bg5 h6 6. Bh4 Bb7 7. e3 g5 8. Bg3 Ne4 9. Qc2 d6 10. Bd3 Bxc3+ 11. bxc3 f5 12. d5 Nd7 13. Bxe4 fxe4 14. Qxe4 Nc5 15. Qg6+ Kd7 16. Nd4 Qg8 17. dxe6+ Nxe6 18. Qxg8 Raxg8 19. f3 g4 20. Kf2 h5 21. h4 gxf3 22. gxf3 Rf8 23. Rhg1 Nxd4 24. cxd4 Rxf3+ 25. Ke2 Re8 26. Bf2 Rf7 27. Rg5 c5 28. dxc5 Bf3+ 29. Kd2 dxc5 30. Bg3 Kc8 31. Bf4 Rd7+ 32. Ke1 Bg4 33. Rd5 Re4 34. Rxd7 Bxd7 35. Rc1 Be6 36. Kd2 Rxc4 37. Rxc4 Bxc4 38. a3 Kd7 39. Kc3 Bd5 40. Kd3 Kc6 41. Bb8 a6 42. e4 Be6 43. Be5 Kb5 44. Bc7 Kc6 45. Bd8 b5 46. Kc3 Bf7 47. Kd3 Bg6 48. Ke3 b4 49. axb4 cxb4 50. Kd4 Kb5 51. e5 a5 52. e6 a4 53. Bf6 a3 54. e7 b3 0-1

[Event "ESP-ch 87th"]
[Site "Linares"]
[Date "2022.08.15"]
[Round "6"]
[White "Alvarez Fernandez, Enrique"]
[Black "Horcajuelo Rocamora, Martin"]
[Result "1-0"]
[WhiteElo "2344"]
[BlackElo "2175"]
[PlyCount "87"]
[EventDate "2022.08.11"]
[EventType "swiss"]
[EventRounds "9"]
[EventCountry "ESP"]
[SourceTitle "CBM 209 Extra"]
[Source "ChessBase"]
[SourceDate "2022.09.30"]
[SourceVersion "1"]
[SourceVersionDate "2022.09.30"]
[SourceQuality "1"]

1. d4 d5 2. c4 e6 3. Nf3 Nf6 4. Nc3 c5 5. cxd5 Nxd5 6. e4 Nxc3 7. bxc3 cxd4 8. cxd4 Bb4+ 9. Bd2 Bxd2+ 10. Qxd2 0-0 11. Bc4 Nd7 12. 0-0 b6 13. Rad1 Bb7 14. d5 exd5 15. exd5 Rc8 16. Bb3 Nc5 17. Bc2 Qf6 18. Rfe1 Rfd8 19. Re5 Nd7 20. Re3 Nc5 21. d6 g6 22. Ne5 Rf8 23. Ree1 Rcd8 24. f4 Rfe8 25. Bb3 Nxb3 26. axb3 Re6 27. d7 Qe7 28. b4 f6 29. Ng4 Kh8 30. Rxe6 Qxe6 31. Qd4 Kg7 32. Ne3 Bc6 33. f5 Qe4 34. Qc3 gxf5 35. Rd6 Rxd7 36. Rxc6 Rf7 37. h3 h5 38. Rc4 Qe5 39. Qd3 Kg6 40. Nd5 h4 41. Nf4+ Kg7 42. Qf3 Rd7 43. Rc1 Rd4 44. Rc7+ 1-0

[Event "Oviedo op 8th"]
[Site "Oviedo"]
[Date "2022.07.23"]
[Round "9"]
[White "Alvarez Fernandez, Enrique"]
[Black "Miranda Llanes, Yerisbel"]
[Result "1-0"]
[WhiteElo "2329"]
[BlackElo "2347"]
[PlyCount "117"]
[EventDate "2022.07.17"]
[EventType "swiss"]
[EventRounds "9"]
[EventCountry "ESP"]
[SourceTitle "CBM 209 Extra"]
[Source "ChessBase"]
[SourceDate "2022.09.30"]
[SourceVersion "1"]
[SourceVersionDate "2022.09.30"]
[SourceQuality "1"]

1. d4 Nf6 2. Nf3 d5 3. c4 e6 4. Nc3 Bb4 5. e3 0-0 6. Bd3 dxc4 7. Bxc4 c5 8. 0-0 Nc6 9. a3 Ba5 10. Qd3 a6 11. Rd1 cxd4 12. exd4 h6 13. Bb3 Ne7 14. Ne5 Bc7 15. Qf3 Nf5 16. Be3 Qe7 17. Bc2 Nxe3 18. Qxe3 Rd8 19. Ne4 Nd5 20. Qe2 Bb6 21. Nc5 Bc7 22. Rac1 b6 23. Ne4 Bb7 24. g3 Rac8 25. Bd3 b5 26. Nc5 Bb6 27. b4 Nf6 28. Bb1 Rd6 29. Rd2 Rcd8 30. Rcd1 Ba8 31. h3 Ba7 32. Kh2 g6 33. Ba2 Kg7 34. Qe3 Nd5 35. Qd3 Nf6 36. Qc2 Nh7 37. h4 h5 38. Bb1 Nf8 39. Qc3 Bb8 40. Qe3 Ba7 41. Re1 f6 42. Nf3 Bxf3 43. Qxf3 Rxd4 44. Rxd4 Rxd4 45. Nxa6 e5 46. Rc1 Rd2 47. Rc7 Qxc7 48. Nxc7 Rxf2+ 49. Qxf2 Bxf2 50. Nxb5 f5 51. Nc7 Kf6 52. Kg2 Be1 53. a4 Ne6 54. Nd5+ Kf7 55. Ba2 Ke8 56. a5 Nd4 57. a6 Nb5 58. Bc4 Na7 59. b5 1-0

[Event "Oviedo op 8th"]
[Site "Oviedo"]
[Date "2022.07.22"]
[Round "8"]
[White "Cuevas Fernandez, Jose Alberto"]
[Black "Alvarez Fernandez, Enrique"]
[Result "0-1"]
[WhiteElo "2120"]
[BlackElo "2329"]
[PlyCount "37"]
[EventDate "2022.07.17"]
[EventType "swiss"]
[EventRounds "9"]
[EventCountry "ESP"]
[SourceTitle "CBM 209 Extra"]
[Source "ChessBase"]
[SourceDate "2022.09.30"]
[SourceVersion "1"]
[SourceVersionDate "2022.09.30"]
[SourceQuality "1"]

1. e4 c5 2. Nf3 e6 3. d4 cxd4 4. Nxd4 a6 5. c4 Nf6 6. Nc3 Nc6 7. Nxc6 dxc6 8. Qxd8+ Kxd8 9. Bg5 e5 10. Be2 Bc5 11. 0-0 Ke7 12. Rad1 Be6 13. Kh1 h6 14. Bh4 g5 15. Bg3 Bd4 16. f4 Bxc3 17. bxc3 exf4 18. e5 Ng4 19. Bh4 0-1

[Event "Oviedo op 8th"]
[Site "Oviedo"]
[Date "2022.07.21"]
[Round "7"]
[White "Alvarez Fernandez, Enrique"]
[Black "Arribas Robaina, Maritza"]
[Result "1/2-1/2"]
[WhiteElo "2329"]
[BlackElo "2239"]
[PlyCount "91"]
[EventDate "2022.07.17"]
[EventType "swiss"]
[EventRounds "9"]
[EventCountry "ESP"]
[SourceTitle "CBM 209 Extra"]
[Source "ChessBase"]
[SourceDate "2022.09.30"]
[SourceVersion "1"]
[SourceVersionDate "2022.09.30"]
[SourceQuality "1"]

1. d4 Nf6 2. Nf3 d5 3. c4 e6 4. Nc3 Be7 5. e3 c6 6. Bd3 0-0 7. 0-0 Nbd7 8. e4 dxe4 9. Nxe4 Nxe4 10. Bxe4 Nf6 11. Bc2 c5 12. Bg5 cxd4 13. Qd3 g6 14. Rad1 e5 15. Nxe5 Bf5 16. Qb3 Qc7 17. Rfe1 Bxc2 18. Qxc2 Rfe8 19. Nf3 Ng4 20. Qa4 Kf8 21. Bxe7+ Rxe7 22. Qa3 Rd8 23. h3 Nf6 24. Nxd4 Rde8 25. Nb5 Qxc4 26. Rxe7 Rxe7 27. Re1 Nd5 28. Nxa7 Qb4 29. Rxe7 Kxe7 30. Qxb4+ Nxb4 31. a3 Nd3 32. b4 Kd6 33. Kf1 Nf4 34. h4 Kd5 35. g3 Ne6 36. Nc8 Nd4 37. Nb6+ Ke4 38. Nc4 Nb5 39. a4 Kd4 40. Na5 Nd6 41. Nxb7 Nxb7 42. a5 Nd6 43. a6 Nb5 44. Ke2 Ke4 45. Kd2 Kd4 46. Ke2 1/2-1/2

[Event "Oviedo op 8th"]
[Site "Oviedo"]
[Date "2022.07.17"]
[Round "1"]
[White "Alvarez Fernandez, Enrique"]
[Black "Pedreira Garcia, Nicolas"]
[Result "1-0"]
[WhiteElo "2329"]
[BlackElo "1679"]
[PlyCount "55"]
[EventDate "2022.07.17"]
[EventType "swiss"]
[EventRounds "9"]
[EventCountry "ESP"]
[SourceTitle "CBM 209 Extra"]
[Source "ChessBase"]
[SourceDate "2022.09.30"]
[SourceVersion "1"]
[SourceVersionDate "2022.09.30"]
[SourceQuality "1"]

1. d4 Nf6 2. Nf3 d5 3. Bf4 c5 4. e3 Nc6 5. Nbd2 Qb6 6. dxc5 Qxb2 7. Rb1 Qc3 8. Bb5 e6 9. 0-0 a6 10. Bxc6+ bxc6 11. Nb3 Ne4 12. Be5 Qb4 13. Bd4 Qa3 14. Ne5 Bxc5 15. Nxc5 Nxc5 16. Qg4 Ne4 17. Nxc6 Rg8 18. Qh4 Bd7 19. Qxh7 Qf8 20. Rb6 Rc8 21. Ne5 Bb5 22. Qh5 Qe7 23. c4 dxc4 24. a4 Bxa4 25. Rxa6 Bb3 26. Ra7 Qf6 27. Rxf7 Qh6 28. Rf8+ 1-0

[Event "Gijon 14th"]
[Site "Gijon"]
[Date "2022.07.07"]
[Round "7"]
[White "Alvarez Fernandez, Enrique"]
[Black "Tejedor Fuente, Enrique"]
[Result "1/2-1/2"]
[WhiteElo "2329"]
[BlackElo "2419"]
[PlyCount "117"]
[EventDate "2022.07.03"]
[EventType "tourn"]
[EventRounds "9"]
[EventCountry "ESP"]
[EventCategory "9"]
[SourceTitle "CBM 209 Extra"]
[Source "ChessBase"]
[SourceDate "2022.09.30"]
[SourceVersion "1"]
[SourceVersionDate "2022.09.30"]
[SourceQuality "1"]

1. d4 d6 2. Nf3 Nf6 3. Bf4 c5 4. dxc5 Qa5+ 5. Nc3 e5 6. Bd2 Qxc5 7. e4 Be7 8. Be3 Qc7 9. Bb5+ Bd7 10. 0-0 0-0 11. Bg5 Bxb5 12. Nxb5 Qc6 13. Bxf6 Bxf6 14. Nc3 Nd7 15. Qe2 Nb6 16. Rfd1 Be7 17. a4 Rfe8 18. a5 Nc4 19. Nd5 Nxb2 20. Rdb1 Nc4 21. Nd2 Nxd2 22. Qxd2 h6 23. Rb3 Bg5 24. Qd3 Rec8 25. c3 Rab8 26. g3 Bd8 27. Rab1 Kf8 28. Qb5 Qxb5 29. Rxb5 g6 30. Rxb7 Rxb7 31. Rxb7 Bxa5 32. Rxa7 Bxc3 33. Rc7 Rxc7 34. Nxc7 Ba5 35. Nd5 h5 36. f3 Ke8 37. Kf2 Kd7 38. h3 Kc6 39. Ke2 Kc5 40. Kd3 Kc6 41. g4 Bd8 42. gxh5 gxh5 43. f4 exf4 44. Nxf4 h4 45. Kc4 Bg5 46. Nd3 Bd2 47. Kd4 Ba5 48. Kc4 Bd2 49. Kd4 Ba5 50. Kc4 Kd7 51. Kd5 Bc3 52. Nf2 Be1 53. Ng4 Bg3 54. Nh6 Ke7 55. Nf5+ Kd7 56. Nh6 Ke7 57. Nf5+ Kd7 58. Nh6 Ke7 59. Nf5+ 1/2-1/2

[Event "Gijon 14th"]
[Site "Gijon"]
[Date "2022.07.07"]
[Round "8"]
[White "Martinez Duany, Lelys Stanley"]
[Black "Alvarez Fernandez, Enrique"]
[Result "1/2-1/2"]
[WhiteElo "2497"]
[BlackElo "2329"]
[PlyCount "38"]
[EventDate "2022.07.03"]
[EventType "tourn"]
[EventRounds "9"]
[EventCountry "ESP"]
[EventCategory "9"]
[SourceTitle "CBM 209 Extra"]
[Source "ChessBase"]
[SourceDate "2022.09.30"]
[SourceVersion "1"]
[SourceVersionDate "2022.09.30"]
[SourceQuality "1"]

1. Nf3 d5 2. d4 Nf6 3. c4 c6 4. cxd5 cxd5 5. Nc3 Nc6 6. Bf4 a6 7. e3 Bf5 8. Bd3 Bxd3 9. Qxd3 e6 10. 0-0 Bd6 11. Bxd6 Qxd6 12. Rfc1 0-0 13. a3 Rfc8 14. Rc2 Rc7 15. Rac1 Rac8 16. Ne2 Ne7 17. Rxc7 Rxc7 18. Rxc7 Qxc7 19. Qc3 Qxc3 1/2-1/2

[Event "Gijon 14th"]
[Site "Gijon"]
[Date "2022.07.05"]
[Round "4"]
[White "Gines Esteo, Pedro Antonio"]
[Black "Alvarez Fernandez, Enrique"]
[Result "1/2-1/2"]
[WhiteElo "2455"]
[BlackElo "2329"]
[PlyCount "48"]
[EventDate "2022.07.03"]
[EventType "tourn"]
[EventRounds "9"]
[EventCountry "ESP"]
[EventCategory "9"]
[SourceTitle "CBM 209 Extra"]
[Source "ChessBase"]
[SourceDate "2022.09.30"]
[SourceVersion "1"]
[SourceVersionDate "2022.09.30"]
[SourceQuality "1"]

1. Nf3 d5 2. g3 Nf6 3. Bg2 c6 4. 0-0 Bf5 5. c4 e6 6. cxd5 exd5 7. d3 Nbd7 8. Nc3 Be7 9. Nh4 Bg6 10. Rb1 0-0 11. Nxg6 hxg6 12. b4 a6 13. Qb3 Re8 14. e4 dxe4 15. dxe4 Bf8 16. Bg5 Qc7 17. h3 b5 18. Rfc1 Rac8 19. a4 Qb8 20. Rd1 c5 21. Bf4 Qb6 22. Be3 Qb8 23. Bf4 Qb6 24. Be3 Qb8 1/2-1/2

[Event "Titled Tuesday intern op 24th Aug"]
[Site "Chess.com INT"]
[Date "2021.08.24"]
[Round "8"]
[White "Alvarez Fernandez, Enrique"]
[Black "Roebers, Jan"]
[Result "1/2-1/2"]
[WhiteElo "2346"]
[BlackElo "2156"]
[PlyCount "37"]
[EventDate "2021.08.24"]
[EventType "swiss (blitz)"]
[EventRounds "11"]
[EventCountry "USA"]
[SourceTitle "EXT 2022"]
[Source "ChessBase"]
[SourceDate "2021.10.06"]
[SourceVersion "1"]
[SourceVersionDate "2021.10.06"]
[SourceQuality "1"]

1. e4 e5 2. Nf3 Nc6 3. Bc4 Nf6 4. d4 exd4 5. 0-0 Nxe4 6. Nc3 dxc3 7. Bxf7+ Kxf7 8. Qd5+ Ke8 9. Re1 d6 10. Rxe4+ Be7 11. Bg5 h6 12. Bxh6 gxh6 13. Qh5+ Kd7 14. Qf5+ Ke8 15. Qg6+ Kd7 16. Qe6+ Ke8 17. Qg6+ Kd7 18. Qe6+ Ke8 19. Qg6+ 1/2-1/2

[Event "Titled Tuesday intern op 10th Aug"]
[Site "Chess.com INT"]
[Date "2021.08.10"]
[Round "11"]
[White "Alvarez Fernandez, Enrique"]
[Black "Klyashtorny, Vladislav"]
[Result "0-1"]
[WhiteElo "2346"]
[BlackElo "2403"]
[PlyCount "21"]
[EventDate "2021.08.10"]
[EventType "swiss (blitz)"]
[EventRounds "11"]
[EventCountry "USA"]
[SourceTitle "CBM 203 Extra"]
[Source "ChessBase"]
[SourceDate "2021.09.30"]
[SourceVersion "1"]
[SourceVersionDate "2021.09.30"]
[SourceQuality "1"]

1. e4 e5 2. Nf3 Nc6 3. Bc4 Nf6 4. d4 exd4 5. 0-0 Be7 6. e5 Ne4 7. Re1 d5 8. Bxd5 Qxd5 9. Nc3 Nxc3 10. bxc3 Bg4 11. cxd4 0-1

[Event "Titled Tuesday intern op 10th Aug"]
[Site "Chess.com INT"]
[Date "2021.08.10"]
[Round "3"]
[White "Chitlange, Sakshi"]
[Black "Alvarez Fernandez, Enrique"]
[Result "1-0"]
[WhiteElo "2167"]
[BlackElo "2346"]
[PlyCount "48"]
[EventDate "2021.08.10"]
[EventType "swiss (blitz)"]
[EventRounds "11"]
[EventCountry "USA"]
[SourceTitle "CBM 203 Extra"]
[Source "ChessBase"]
[SourceDate "2021.09.30"]
[SourceVersion "1"]
[SourceVersionDate "2021.09.30"]
[SourceQuality "1"]

1. d4 Nf6 2. c4 g6 3. Nc3 d5 4. cxd5 Nxd5 5. Bd2 Bg7 6. e4 Nb6 7. Be3 c6 8. Be2 0-0 9. Nf3 N8d7 10. 0-0 Nf6 11. Qd2 Ng4 12. Bg5 h6 13. Bf4 e5 14. dxe5 Qxd2 15. Bxd2 Nxe5 16. Nxe5 Bxe5 17. Bxh6 Re8 18. f3 f6 19. Be3 Be6 20. Rfd1 Rad8 21. Kf2 f5 22. exf5 gxf5 23. Bg5 Rd6 24. Rxd6 Nd5 1-0

[Event "Titled Tuesday intern op 10th Aug"]
[Site "Chess.com INT"]
[Date "2021.08.10"]
[Round "6"]
[White "Meduri, Aakaash"]
[Black "Alvarez Fernandez, Enrique"]
[Result "1-0"]
[WhiteElo "1939"]
[BlackElo "2346"]
[PlyCount "79"]
[EventDate "2021.08.10"]
[EventType "swiss (blitz)"]
[EventRounds "11"]
[EventCountry "USA"]
[SourceTitle "CBM 203 Extra"]
[Source "ChessBase"]
[SourceDate "2021.09.30"]
[SourceVersion "1"]
[SourceVersionDate "2021.09.30"]
[SourceQuality "1"]

1. e4 c5 2. d4 cxd4 3. c3 dxc3 4. Nxc3 e6 5. Bc4 a6 6. Nf3 Nc6 7. 0-0 Bc5 8. Bf4 Nge7 9. Rc1 Ng6 10. Bg3 b5 11. Bb3 Be7 12. Nd5 exd5 13. exd5 Na5 14. d6 Bf6 15. Re1+ Kf8 16. Bxf7 Kxf7 17. Qd5+ Kf8 18. Qxa8 Bb7 19. Qa7 Qa8 20. Qxa8+ Bxa8 21. h4 h5 22. b3 Kf7 23. Rc7 Bc6 24. Rd1 Nb7 25. Nd4 Bxd4 26. Rxd4 Ke6 27. Rd2 Rf8 28. a4 b4 29. Rd4 a5 30. f3 Nh8 31. Rd3 Nf7 32. Kf2 Nfxd6 33. Bxd6 Nxd6 34. Ra7 Rf5 35. Ke3 Nc8 36. Ra6 Ke7 37. Rd4 Kd8 38. Rxc6 Re5+ 39. Kd2 Re7 40. Rc5 1-0

[Event "Titled Tuesday intern op 10th Aug"]
[Site "Chess.com INT"]
[Date "2021.08.10"]
[Round "9"]
[White "Prohorov, Olexandr"]
[Black "Alvarez Fernandez, Enrique"]
[Result "0-1"]
[WhiteElo "2086"]
[BlackElo "2346"]
[PlyCount "76"]
[EventDate "2021.08.10"]
[EventType "swiss (blitz)"]
[EventRounds "11"]
[EventCountry "USA"]
[SourceTitle "CBM 203 Extra"]
[Source "ChessBase"]
[SourceDate "2021.09.30"]
[SourceVersion "1"]
[SourceVersionDate "2021.09.30"]
[SourceQuality "1"]

1. d4 Nf6 2. c4 g6 3. Nc3 d5 4. cxd5 Nxd5 5. Na4 Bg7 6. e4 Nb6 7. Nf3 Bd7 8. Nc5 Bc8 9. Be3 0-0 10. h3 Nc6 11. Be2 Nd7 12. Nb3 a5 13. Rc1 a4 14. Nc5 Nxc5 15. Rxc5 Bd7 16. 0-0 b6 17. Rc1 f5 18. exf5 Rxf5 19. Bd3 Rf8 20. Be4 Nb4 21. Bxa8 Qxa8 22. Rxc7 Bc6 23. Ne1 Nd5 24. Bg5 Nxc7 25. Bxe7 Re8 26. Bd6 Ne6 27. d5 Bxd5 28. f3 Bxb2 29. Nd3 Bg7 30. Nb4 Bc4 31. Re1 b5 32. a3 Nd4 33. Rxe8+ Qxe8 34. Qd2 Ne2+ 35. Kh1 Qe6 36. Bc5 Ng3+ 37. Kh2 Nf1+ 38. Kh1 Nxd2 0-1

[Event "Gijon"]
[Site "Gijon"]
[Date "2021.08.06"]
[Round "8"]
[White "Alvarez Fernandez, Enrique"]
[Black "Fier, Alexandr"]
[Result "1/2-1/2"]
[WhiteElo "2346"]
[BlackElo "2558"]
[PlyCount "90"]
[EventDate "2021.08.01"]
[EventType "tourn"]
[EventRounds "9"]
[EventCountry "ESP"]
[EventCategory "3"]
[SourceTitle "EXT 2022"]
[Source "ChessBase"]
[SourceDate "2021.10.06"]
[SourceVersion "1"]
[SourceVersionDate "2021.10.06"]
[SourceQuality "1"]

1. d4 Nf6 2. Nf3 e6 3. Bf4 c5 4. c3 Qb6 5. Qb3 Nc6 6. e3 d5 7. h3 Bd7 8. Nbd2 Rc8 9. Be2 Be7 10. 0-0 0-0 11. Bh2 Rfd8 12. Ne5 Nxe5 13. Bxe5 Bc6 14. Qxb6 axb6 15. a3 Nd7 16. Bh2 f6 17. Rfe1 b5 18. Nb3 c4 19. Nd2 Nb6 20. Bd1 Be8 21. Bc2 Bg6 22. Bxg6 hxg6 23. Rac1 Kf7 24. g4 g5 25. Kg2 Nd7 26. f4 gxf4 27. exf4 Rc6 28. Nf3 Nb6 29. Rc2 Nc8 30. Rce2 Rh8 31. Bg3 Bd8 32. Nd2 Ne7 33. Rf1 Ra6 34. Nf3 Ke8 35. Ne1 Kd7 36. Nc2 f5 37. g5 Bc7 38. Rh1 Ng6 39. Rf2 Raa8 40. h4 Rh5 41. Kf3 Rah8 42. Rfh2 Ne7 43. Ne3 Nc8 44. Be1 Nd6 45. Nf1 Ne4 1/2-1/2

[Event "Gijon"]
[Site "Gijon"]
[Date "2021.08.02"]
[Round "2"]
[White "Suarez Garcia, Carlos"]
[Black "Alvarez Fernandez, Enrique"]
[Result "1-0"]
[WhiteElo "2454"]
[BlackElo "2346"]
[PlyCount "95"]
[EventDate "2021.08.01"]
[EventType "tourn"]
[EventRounds "9"]
[EventCountry "ESP"]
[EventCategory "3"]
[SourceTitle "EXT 2022"]
[Source "ChessBase"]
[SourceDate "2021.10.06"]
[SourceVersion "1"]
[SourceVersionDate "2021.10.06"]
[SourceQuality "1"]

1. Nf3 d5 2. c4 d4 3. b4 Bg4 4. Qb3 Bxf3 5. Qxf3 c6 6. g3 Nf6 7. Bg2 e5 8. Qb3 Nbd7 9. d3 a5 10. b5 Bb4+ 11. Bd2 Nc5 12. Qb2 cxb5 13. 0-0 bxc4 14. Bxb4 axb4 15. Qxb4 Qe7 16. Qxc4 0-0 17. Nd2 Ra4 18. Qb5 Rfa8 19. Rfc1 R8a5 20. Qb2 Ra7 21. Nc4 Ncd7 22. a3 e4 23. dxe4 Nxe4 24. Qxd4 Nec5 25. Qb2 g6 26. Ne3 R4a5 27. Qb4 Ra4 28. Qc3 b6 29. Bc6 R4a6 30. Rd1 Qf6 31. Qxf6 Nxf6 32. Nc4 Nb3 33. Rab1 Na5 34. Nxa5 bxa5 35. Rb8+ Kg7 36. Bb5 Re6 37. f3 Ree7 38. a4 h5 39. Kf2 Rec7 40. Rdd8 Re7 41. h3 Rec7 42. g4 hxg4 43. hxg4 g5 44. Rb6 Re7 45. Rdd6 Nh7 46. Rd5 f6 47. Rdd6 Rf7 48. Ra6 1-0

[Event "Gijon"]
[Site "Gijon"]
[Date "2021.08.01"]
[Round "1"]
[White "Alvarez Fernandez, Enrique"]
[Black "Borges, Guilherme Deola"]
[Result "1/2-1/2"]
[WhiteElo "2346"]
[BlackElo "2130"]
[PlyCount "97"]
[EventDate "2021.08.01"]
[EventType "tourn"]
[EventRounds "9"]
[EventCountry "ESP"]
[EventCategory "3"]
[SourceTitle "EXT 2022"]
[Source "ChessBase"]
[SourceDate "2021.10.06"]
[SourceVersion "1"]
[SourceVersionDate "2021.10.06"]
[SourceQuality "1"]

1. d4 Nf6 2. Bg5 Ne4 3. Bf4 c5 4. f3 Qa5+ 5. c3 Nf6 6. Nd2 cxd4 7. Nb3 Qb6 8. Qxd4 Nc6 9. Qxb6 axb6 10. Nd4 e5 11. Nxc6 exf4 12. Nd4 Bc5 13. g3 Nd5 14. Nc2 Ne3 15. Nxe3 Bxe3 16. Nh3 fxg3 17. hxg3 d5 18. Nf4 Be6 19. Bh3 Ke7 20. Ng2 Bc5 21. e3 b5 22. Ke2 b4 23. cxb4 Bxb4 24. Kd3 h6 25. Nf4 Rhc8 26. Ne2 Bc5 27. a3 Rc6 28. f4 Rb6 29. Bxe6 Rxe6 30. Nd4 Bxd4 31. Kxd4 Kd6 32. Rhf1 Rae8 33. Rf3 Re4+ 34. Kd3 Rc8 35. Rff1 Rce8 36. Rf3 Rc8 37. Rd1 f5 38. Rh1 d4 39. Rh5 dxe3 40. Rxe3 Rxe3+ 41. Kxe3 Rc2 42. Rxf5 Rxb2 43. Rf7 Rb3+ 44. Kf2 g5 45. Rf6+ Ke7 46. Rxh6 gxf4 47. gxf4 Rxa3 48. Rb6 Kf7 49. Rxb7+ 1/2-1/2